Normal view
MARC view
- الديات، سميرة عايد
Entry Personal Name
001 - CONTROL NUMBER
- control field: 52973
003 - CONTROL NUMBER IDENTIFIER
- control field: JO-AjAnu
005 - DATE AND TIME OF LATEST TRANSACTION
- control field: 20230606082714.0
008 - FIXED-LENGTH DATA ELEMENTS
- fixed length control field: 230606|| aca||aabn | a|a d
040 ## - CATALOGING SOURCE
- Original cataloging agency: JO-AjAnu
- Transcribing agency: JO-AjAnu
100 ## - HEADING--PERSONAL NAME
- Personal name: الديات، سميرة عايد
670 ## - SOURCE DATA FOUND
- Source citation: Work cat.: (JO-AjAnu)27065: الديات، سميرة عايد, author, عمليات نقل وزرع الأعضاء البشرية بين الشرع والقانون